STN EN ISO 8985 Plasty. Etylén-vinylacetátové (EVAC) kopolyméry termoplastov. Stanovenie obsahu vinylacetátu (ISO 8985:1998)

Bibliographic Details
Format: Book
Language:Undetermined
PhysicalDescription:24 s.
Published: Bratislava Úrad pre normalizáciu, metrológiu a skúšobníctvo SR 2000

MARC

LEADER 00000nam a2200000 a 4500
001 vtls001413717
003 SK-MaSNL
005 20260224112822.0
008 180126sm y0 xo 0 und
035 |a SNK000368442 
040 |a SNK  |b slo  |c SNK  |e AACR2 
044 |a xo  |c SK 
245 1 |a STN EN ISO 8985 Plasty. Etylén-vinylacetátové (EVAC) kopolyméry termoplastov. Stanovenie obsahu vinylacetátu (ISO 8985:1998) 
260 |a Bratislava  |b Úrad pre normalizáciu, metrológiu a skúšobníctvo SR  |c 2000 
300 |a 24 s. 
999 |c 984044  |d 985974 
952 |t P60, <03>, [BOOK], {603}  |a SNK  |b SNK  |y PREZ  |7 0  |p 17A0302812  |o snkSTN EN ISO 8985  |i snkN 1258/2001  |0 0  |1 0  |4 0  |d 2001-05-24  |l 0  |r 2005-01-02 00:00:00  |w 2026-02-24 
952 |a SNK  |b SNK  |y PREZ  |7 0  |p 17A0302811  |o snkSTN EN ISO 8985 D1  |i snkN 1259/2001  |0 0  |1 0  |4 0  |d 2001-05-24  |l 0  |r 2005-01-02 00:00:00  |w 2026-02-24